Vom Boykott bis zur Vernichtung : Leben, Verfolgung, Vertreibung und Vernichtung der Juden in Bochum und Wattenscheid, 1933-1945 : ein Quellen- und Arbeitsbuch (nicht nur) für Schulen / Konzeption und Redaktion: Ingrid Wölk ; mit einen Vorwort von Paul Spiegel ; bearbeitet von: Reiner Adams ... [et al.]
Record details
- ISBN: 3-89861-047-0
- Physical Description: 280 p. : ill. ; 24 cm
- Publisher: Essen : Klartext, 2002
Content descriptions
| General Note: | Sul front.: Stadtarchiv Bochum |
Available copies
- 1 of 1 copy available at Common Catalog SPOK.
Holds
- 0 current holds with 1 total copy.
Show Only Available Copies
| Location | Call Number / Copy Notes | Barcode | Shelving Location | Status | Due Date |
|---|---|---|---|---|---|
| Terezin Initiative Institute | 3522 | 4594303522 | Knihovna ITI | Available | - |
| LDR | 02434nam a22003857ia4500 | ||
|---|---|---|---|
| 001 | 50206 | ||
| 003 | CZ-PrJAB | ||
| 005 | 20221123112957.0 | ||
| 008 | 110225s2002 gw |||||| ||||| |ger|c | ||
| 020 | . | ‡a3-89861-047-0 | |
| 035 | . | ‡a(ItRI)IT ICCU IEI 0323092 | |
| 040 | . | ‡a(ItRI)IT ‡bita | |
| 041 | 0 | . | ‡ager |
| 100 | 1 | . | ‡aWölk, Ingrid ‡4aut |
| 245 | 1 | 0. | ‡aVom Boykott bis zur Vernichtung : ‡bLeben, Verfolgung, Vertreibung und Vernichtung der Juden in Bochum und Wattenscheid, 1933-1945 : ein Quellen- und Arbeitsbuch (nicht nur) für Schulen / ‡cKonzeption und Redaktion: Ingrid Wölk ; mit einen Vorwort von Paul Spiegel ; bearbeitet von: Reiner Adams ... [et al.] |
| 260 | . | ‡aEssen : ‡bKlartext, ‡c2002 | |
| 300 | . | ‡a280 p. : ‡bill. ; ‡c24 cm | |
| 500 | . | ‡aSul front.: Stadtarchiv Bochum | |
| 700 | 1 | . | ‡aRainer, Adams ‡4edt |
| 700 | 1 | . | ‡aSpiegel, Paul ‡4aui |
| 910 | . | ‡aABE340 ‡b3522 | |
| 995 | . | ‡aska | |
| 901 | . | ‡a50206 ‡bAUTOGEN ‡c50206 ‡tbiblio | |